Plays / (Record no. 148517)

MARC details
000 -LEADER
campo de control de longitud fija 00634nam a2200205 4500
001 - NÚMERO DE CONTROL
campo de control 148517
003 - IDENTIFICADOR DE NÚMERO DE CONTROL
campo de control ES-MaACL
005 - FECHA Y HORA DE LA ÚLTIMA TRANSACCIÓN
campo de control 20230906202659.0
007 - CAMPO FIJO DE DESCRIPCIÓN FÍSICA--INFORMACIÓN GENERAL
campo de control de longitud fija t|
008 - DATOS DE LONGITUD FIJA--INFORMACIÓN GENERAL
campo de control de longitud fija 070214s1912 xxk r ||||1| eng d
100 1# - ENTRADA PRINCIPAL--NOMBRE DE PERSONA
Nombre de persona Strindberg, August.
9 (RLIN) 108433
245 10 - MENCIÓN DEL TÍTULO
Título Plays /
Mención de responsabilidad, etc. by August Strindberg ; translated from the swedish and introduction by Edwin Björkman.
260 ## - PUBLICACIÓN, DISTRIBUCIÓN, ETC.
Lugar de publicación, distribución, etc. London :
Nombre del editor, distribuidor, etc. Duckworth & Co.,
Fecha de publicación, distribución, etc. 1912.
300 ## - DESCRIPCIÓN FÍSICA
Extensión 90, 19 p. ;
Dimensiones 19 x 12 cm.
500 ## - NOTA GENERAL
Nota general Contiene: Miss Julia ----- The stronger.
700 1# - ENTRADA AGREGADA--NOMBRE PERSONAL
Nombre de persona Bjorkman, Edwin.
9 (RLIN) 29050
740 0# - ENTRADA AGREGADA--TÍTULO RELACIONADO/ANALÍTICO NO CONTROLADO
Título relacionado o analítico no controlado Miss Julia.
740 0# - ENTRADA AGREGADA--TÍTULO RELACIONADO/ANALÍTICO NO CONTROLADO
Título relacionado o analítico no controlado The stronger.
852 ## - LOCALIZACIÓN
Ubicación ES-MaACL
Número de control de estantería C-2493
Holdings
Estatus retirado Estado de pérdida Estado de daño No para préstamo Biblioteca de origen Biblioteca actual Ubicación en estantería Fecha de adquisición Fuente de adquisición Total de préstamos Signatura topográfica completa Código de barras Visto por última vez Precio de reemplazo Tipo de ítem Koha
        Biblioteca del Ateneo de Madrid Biblioteca del Ateneo de Madrid Sala Palomar 17/01/2008     C-2493 1154990 23/02/2023 23/02/2023 Libro impreso